SCP 001 Quiz - Statistics

General Stats
  • This quiz has been taken 206 times
  • The average score is 10 of 37
Answer Stats
Name of Author Name of Proposal % Correct
S. D. Locke When Day Breaks
75%
Dr. Clef The Gate Guardian
74%
Tufto The Scarlet King
64%
Bright The Factory
58%
Dr. Gears The Prototype
58%
Jonathan Ball Sheaf of Papers
42%
Dr. Mann The Spiral Path
34%
qntm The Lock
33%
S. D. Locke / I.H. Pickman Keter Duty
31%
Tanhony II The Black Moon
31%
djkaktus / TwistedGears Ouroboros
30%
Scantron The Foundation
29%
Arbelict You Are The Anomaly, Tumor Of The Worlds
29%
S. Andrew Swann The Database
28%
Lily The World's Gone Beautiful
27%
The Great Hippo / PeppersGhost A Good Boy
25%
Captain Kirby 05-13
24%
Spike Brennan God's Blind Spot
22%
Dr. Mackenzie The Legacy
20%
Tanhony Dead Men
18%
Kate McTiriss A Record
17%
Jim North A Simple Toymaker
17%
Pedantique Fishhook
17%
WJS Normalcy
17%
weizhong/thedeadlymoose/Drewbear/Dexanote Project Palisade
17%
Djoric / Dmatix Thirty-Six
17%
ROUNDERHOUSE MEMENTO MORI
14%
McDoctorate The Placeholder
14%
not_a_seagull The Sky above the Port
14%
BILLITH The World at Large
14%
Kalinin Past and Future
13%
I.H. Pickman Story of Your Life
13%
Harmony The Conspiracy
13%
Noir Box Tindalos Trinity
13%
Wrong The Consensus
12%
Meta Ike The Solution
11%
Dr. Eates A Test of Character
8%
No matching quizzes found
Score Distribution
Percent of People with Each Score
Percentile by Number Answered
Your Score History
You have not taken this quiz